Flagi wszystkich państw BEZ EUROPY - Statystyki

Ogólne statystyki
  • Ten quiz został rozwiązany 38 razy
  • Średni wynik to 96 z 151
Statystyki odpowiedzi
Obrazkowy Odpowiedź % Poprawnych
Chiny
95%
Indie
89%
Kanada
89%
Australia
84%
Bhutan
84%
Brazylia
84%
Chile
84%
Cypr
84%
Egipt
84%
Filipiny
84%
Gruzja
84%
Irak
84%
Izrael
84%
Japonia
84%
Kazachstan
84%
Korea Południowa
84%
Malezja
84%
Nowa Zelandia
84%
Panama
84%
Republika Południowej Afryki
84%
Stany Zjednoczone
84%
Turcja
84%
Arabia Saudyjska
79%
Argentyna
79%
Azerbejdżan
79%
Bangladesz
79%
Barbados
79%
Indonezja
79%
Jamajka
79%
Katar
79%
Kenia
79%
Kolumbia
79%
Korea Północna
79%
Liban
79%
Meksyk
79%
Nepal
79%
Pakistan
79%
Sri Lanka
79%
Urugwaj
79%
Wenezuela
79%
Ekwador
74%
Iran
74%
Kambodża
74%
Kuba
74%
Maroko
74%
Mikronezja
74%
Nigeria
74%
Singapur
74%
Syria
74%
Tajlandia
74%
Tajwan
74%
Wietnam
74%
Wybrzeże Kości Słoniowej
74%
Algieria
68%
Armenia
68%
Bahamy
68%
Bahrajn
68%
Botswana
68%
Czad
68%
Dominikana
68%
Jordania
68%
Mongolia
68%
Nikaragua
68%
Palau
68%
Paragwaj
68%
Peru
68%
Seszele
68%
Tunezja
68%
Turkmenistan
68%
Uganda
68%
Uzbekistan
68%
Zjednoczone Emiraty Arabskie
68%
Afganistan
63%
Angola
63%
Dominika
63%
Kamerun
63%
Kirgistan
63%
Kostaryka
63%
Liberia
63%
Libia
63%
Malediwy
63%
Palestyna
63%
Papua Nowa Gwinea
63%
Senegal
63%
Zambia
63%
Antigua i Barbuda
58%
Brunei
58%
Burundi
58%
Demokratyczna Republika Konga
58%
Eswatini
58%
Fidżi
58%
Grenada
58%
Kuwejt
58%
Laos
58%
Lesotho
58%
Mozambik
58%
Niger
58%
Oman
58%
Saint Lucia
58%
Somalia
58%
Surinam
58%
Tuvalu
58%
Wyspy Zielonego Przylądka
58%
Belize
53%
Etiopia
53%
Gujana
53%
Gwatemala
53%
Gwinea Równikowa
53%
Haiti
53%
Honduras
53%
Komory
53%
Kongo
53%
Madagaskar
53%
Mauretania
53%
Republika Środkowoafrykańska
53%
Salwador
53%
Sudan
53%
Tadżykistan
53%
Wyspy Marshalla
53%
Wyspy Salomona
53%
Benin
47%
Dżibuti
47%
Ghana
47%
Gwinea Bissau
47%
Malawi
47%
Mali
47%
Mjanma
47%
Nauru
47%
Saint Kitts i Nevis
47%
Timor Wschodni
47%
Tonga
47%
Trynidad i Tobago
47%
Vanuatu
47%
Zimbabwe
47%
Boliwia
42%
Erytrea
42%
Kiribati
42%
Namibia
42%
Saint Vincent i Grenadyny
42%
Samoa
42%
Sudan Południowy
42%
Tanzania
42%
Togo
42%
Burkina Faso
37%
Gabon
37%
Gambia
37%
Gwinea
37%
Mauritius
37%
Rwanda
37%
Sierra Leone
37%
Wyspy Świętego Tomasza i Książęca
37%
Nie znaleziono quizów pasujących do podanych kryteriów
Rozkład punktacji
Procent ludzi z każdym wynikiem
Percentyl według liczby udzielonych odpowiedzi
Twoja historia wyników
Nie rozwiązałeś tego quizu